00837nam a2200217Ia 450000500170000000800410001702000150005808200170007324500300009025000190012030000550013950001530019465000330034765000380038065000390041826400390045733600270049633700330052333800280055604000350058420220317001003.0160825s2006 sp a g 000 0 spa  a847841061904a610.73 bM1510aManual de la enfermería a1a. edición  a1168 páginas bilustraciones c22 cn e1 CD-ROM  aEl CD-ROM tiene como título : Guía interactiva de enfermería con atlas anatómico visual. Consultar el CD-ROM bajo clasificación 610.73 M15142LEMBaEnfermeria vManuales 142LEMBaEnfermería xPráctica 142LEMBaEnfermería xEnseñanza  aBarcelonabOcéanobCentrumc2006 atextobtxt2rdacontent asin mediaciónbn2rdamedia avolumenbnc2rdacarrier aCO-BoRNBPbspaerdacCO-BoRNBP